Navrhování zděných konstrukcí /

Hlavní autor: Gartner, Otakar
Další autoři: Procházka, Milan
Jazyk: Čeština
Vydáno: Brno : VUT, 1980
Vydání: 3., opr. vyd.
Edice: Učební texty vysokých škol
Témata:
Fyzický popis: 133 s. ; 4°
Knihy
Uloženo v:
LEADER 01559nam a2200385 a 4500
001 000564734
003 CZ BrMZK
005 20070125110948.0
007 ta
008 961011s1980 xr f cze d
015 |a cnb000405889 
035 |a (OCoLC)42157964 
040 |a BOA001  |b cze 
080 |a 624.92.012.2  |2 MRF 
080 |a 624.012.2  |2 MRF 
100 1 |a Gartner, Otakar  |7 jn19981001323  |4 aut 
245 1 0 |a Navrhování zděných konstrukcí /  |c Otakar Gartner, Milan Procházka 
250 |a 3., opr. vyd. 
260 |a Brno :  |b VUT,  |c 1980 
300 |a 133 s. ;  |c 4° 
490 1 |a Učební texty vysokých škol 
500 |a Obr. a tb. v textu 
500 |a Pozn. 
500 |a Přehl. lit. a ČSN 
500 |a Určeno pro posl. fak. stavební 
700 1 |a Procházka, Milan  |7 jx20050531012  |4 aut 
830 0 |a Učební texty vysokých škol 
910 |a BOA001  |b TK-A-0160.701-80  |b 4-0669.938-80 
964 |a Konstrukce zděné - navrhování - učebnice vysokoškol. 
990 |a BK 
996 6 |b 2619977923  |c 4-0669.938-80  |l MZK  |r Sklad / do 1 hodiny  |n 5  |w 000564734  |u 000060  |a 1  |e BOA001  |j MZK50  |s P 
996 7 |b 2629972420  |c TK-A-0160.701-80  |l MZK  |r Sklad / do 24 hodin  |n 8  |w 000564734  |u 000020  |a 1  |e BOA001  |j MZK50  |s A 
996 7 |b 2629978979  |c TK-A-0160.701-80  |l MZK  |r Sklad / do 24 hodin  |n 7  |w 000564734  |u 000010  |a 1  |e BOA001  |j MZK50  |s A 
996 6 |b 564734-20  |c TK-A-0160.701-80  |l MZK  |r Sklad / do 24 hodin  |n 0  |w 000564734  |u 000030  |a 1  |e BOA001  |j MZK50  |s P 
996 6 |b 564734-30  |c TK-A-0160.701-80  |l MZK  |r Sklad / do 24 hodin  |n 0  |w 000564734  |u 000040  |a 1  |e BOA001  |j MZK50  |s P